NewスーパーマリオブラザーズU コース名 - Statistics

General Stats
  • This quiz has been taken 13 times
  • The average score is 5 of 82
Answer Stats
コース コース名 % Correct
ドングリへいげん-1 はじまりのドングリへいげん
73%
ドングリへいげん-2 いろいろ ななめな どうくつ
36%
ピーチ城-城2 けっせん! ピーチ城
27%
スペシャルスター-2 はしって はしって はしりまくれ!
27%
ドングリへいげん-砦 ぐるぐる はぐるまのとりで
18%
ミントしょとう-1 ふんすいビーチ
18%
ソーダジャングル-隠し せまりくるパタメットのたいぐん
18%
ロックさんみゃく-5 歩き始めたパックンフラワー
18%
ドングリへいげん-3 ドングリへいげんの ヨッシー
9%
ドングリへいげん-4 ふわふわキノコのアスレチック
9%
ドングリへいげん-5 せり上がる大地のパックンフラワー
9%
ドングリへいげん-城 レミーの ゆらゆらブランコの城
9%
ドングリへいげん-隠し ひみつのゲッソーのそうくつ
9%
デザートさばく-3 暗やみ ファイアスネーク
9%
デザートさばく-5 さばくに生える キノコにガボン
9%
デザートさばく-城 モートンの せまるブロックの城
9%
デザートさばく-隠し パックンだらけの 氷せかい
9%
ミントしょとう-2 みなみの島の 海中さんぽ
9%
ミントしょとう-沈没船 テレサがひそむ ちんぼつせん
9%
フローズンだいち-2 ペンタローがいっぱいユキの地
9%
フローズンだいち-5 ツララずらずらのどうくつ
9%
フローズンだいち-屋敷 ゆれる オバケやしき
9%
フローズンだいち-隠し セイドンのいる みずうみ
9%
ソーダジャングル-1 きょだいのジャングル
9%
ソーダジャングル-2 ドクドクぬまのクルクル丸太ばし
9%
ソーダジャングル-屋敷 出口はどこ 暗やみやしき
9%
ソーダジャングル-4 絵の中のオバケぬま
9%
ソーダジャングル-5 しんかいにねむる いせき
9%
ソーダジャングル-城 イギーの ようがんおしよせる城
9%
ロックさんみゃく-1 ガケの上のチョロボン
9%
ロックさんみゃく-砦1 ごろごろゴローのとりで
9%
ロックさんみゃく-3 ズングリのすみか
9%
ロックさんみゃく-6 暗やみのほねコースター
9%
ロックさんみゃく-城 ロイの コンベアパニックの城
9%
マシュマロうんかい-2 どったんばったん シーソーキノコ
9%
マシュマロうんかい-屋敷 とびらがいっぱい オバケやしき
9%
マシュマロうんかい-城 ルドウィッグのレールブロックの城
9%
ピーチ城-1 マグマとほのおで 足もとグラグラ
9%
ピーチ城-2 パニックようがんクルーズ
9%
ピーチ城-城1 のっとられた ピーチ城
9%
スペシャルスター-3 にげきれ! 大ぐちのバクバク
9%
スペシャルスター-9 おいかけろ! だいじなコウラ
9%
デザートさばく-1 キョロキョロ イワヘム地たい
0%
デザートさばく-2 サンボだらけの どうくつ
0%
デザートさばく-砦 まいてのぼって 石のとりで
0%
デザートさばく-4 坂道ゴロゴロ ガボンのてっきゅう
0%
デザートさばく-6 はなさかジュゲムと まわる大地
0%
ミントしょとう-砦 きけん! トゲこんぼうのとりで
0%
ミントしょとう-3 プクプクがとぶ 海の上
0%
ミントしょとう-4 とげとげウニラのいわば
0%
ミントしょとう-5 タツノンがすむ かいていどうくつ
0%
ミントしょとう-城 ラリーの トーピードがせまる 水の城
0%
ミントしょとう-隠し 空にのびる きょだいマメの木
0%
フローズンだいち-1 夜空に光る ほしリフト
0%
フローズンだいち-砦 雨アラレ ツララだらけのとりで
0%
フローズンだいち-3 パンパンはじけるイガクリボーの雪原
0%
フローズンだいち-4 てんびんリフトで 雪山のぼり
0%
フローズンだいち-城 ウェンディのたちはだかるドッスンの城
0%
ソーダジャングル-飛行船 大ほういっぱい きょだいせんかん
0%
ソーダジャングル-3 イバラムシのすむ森
0%
ソーダジャングル-砦 おおきなスネークブロックのとりで
0%
ソーダジャングル-6 どくぬまにうかぶ シーソー丸太
0%
ソーダジャングル-7 ジャンプ ハナチャンのせなか
0%
ロックさんみゃく-2 いったりきたりフグマンネン
0%
ロックさんみゃく-4 闇のどうくつ 光る足場
0%
ロックさんみゃく-砦2 まいてまいて ネジ式リフトのとりで
0%
ロックさんみゃく-7 きかいじかけ コンベアリフトのどうくつ
0%
マシュマロうんかい-1 わきだすブロックいっぱい 空の上
0%
マシュマロうんかい-3 すすんでもどるリフトのおか
0%
マシュマロうんかい-砦 かいてん スライドリフトの砦
0%
マシュマロうんかい-4 はねまくれ ぼよよん雲であそぶ空
0%
マシュマロうんかい-5 空中みずで 空中さんぽ
0%
マシュマロうんかい-6 すすめスネークブロック きりの谷
0%
マシュマロうんかい-飛行船 せまりくる! きょだいせんかん
0%
ピーチ城-3 ようがん波とネジ式キノコ
0%
ピーチ城-4 ほのおがふりしきるガケのはざま
0%
スペシャルスター-1 そうかい! 青空ほねコースター
0%
スペシャルスター-4 ツルツル!氷どうくつのぶらぶらハンマー
0%
スペシャルスター-5 きょうふ! かいてん足場のせかい
0%
スペシャルスター-6 きょだい! ファイアバーのガケ
0%
スペシャルスター-7 ジュゲム! ジュゲム! ジュゲム!
0%
スペシャルスター-8 足もと注意! てっきゅうのふりこ
0%
No matching quizzes found
Score Distribution
Percent of People with Each Score
Percentile by Number Answered
Your Score History
You have not taken this quiz